000 00745nam a2200205Ia 4500
005 20241129111242.0
008 241129s9999||||xx |||||||||||||| ||und||
037 _aTB
040 _aCRL
_bpun
_cCRL
041 _apun
_2pun
084 _aO153,1N151:g R1
_qCRL
100 _aਅਰਸ਼ੀ, ਗੁਰਚਰਨ ਸਿੰਘ, ਚ।
_9156325
245 0 _aਬਾਵਾ ਬਲਵੰਤ ਦੀ ਕਾਵਿ ਕਲਾ
_cਅਰਸ਼ੀ, ਗੁਰਚਰਨ ਸਿੰਘ, ਚ।
260 _aਦਿੱਲੀ, ਭਾਰਤ
_bਆਰਸੀ ਪਬਲਿਸ਼ਰੁਜ
_c2021
300 _a183ਪ੍ਰ0
365 _aINR
_b300
650 _aPunjabi LiteraturePoetry
_9726276
942 _cTB
_hO153,1N151:g R1
999 _c1229590
_d1229590